000
00350nam a22001217a 4500
003
SGT
082
_a
891.4309
_b
J52A
100
_a
अरविन्द दी
245
_a
जीवन का लक्ष्य
260
_b
मदर्स इंस्टिट्यूट ऑफ़ रिसर्च
_c
1952
300
_a
324
942
_2
ddc
_c
BK
999
_c
30208
_d
30208